Keynes'e dönüş (Record no. 10159)
[ view plain ]
| 000 -BAŞLIK | |
|---|---|
| Sabit Uzunlukta Kontrol Alanı | 01060na a2200325 4500 |
| 001 - KONTROL NUMARASI | |
| Denetim Alanı | 12880 |
| 003 - KONTROL NUMARASI IDENTIFIER | |
| Denetim Alanı | MIRAKIL |
| 005 - SON İŞLEM TARİHİ VE ZAMANI | |
| Denetim Alanı | 20181213155309.0 |
| 008 - SABİT-BOY VERİ ELEMANLARI - GENEL BİLGİLER | |
| Sabit Uzunlukta Kontrol Alanı | 160827b tu 000 0 |
| 020 ## - ULUSLARARASI STANDART KİTAP NUMARASI | |
| Uluslararası Standart Kitap Numarası | 9756053992196 |
| 035 ## - SİSTEM KONTROL NUMARASI | |
| Sistem Kontrol Numarası | 12880 |
| 040 ## - KATALOGLAMA KAYNAK | |
| Orijinal Kataloglama Ajansı | Milas |
| Kataloglama Dili | tur |
| Metne Dönüştürmek Ajansı | TR-AnCHP |
| 082 ## - DEWEY ONLU SINIFLANDIRMA NUMARASI | |
| Sınıflandırma Numarası | 330.156 |
| Ürün Numarası | K39n 2012 |
| 090 ## - SINIFLAMA NUMARASI | |
| Sınıflama Numarası | 330.156 K39n 2012 |
| 245 ## - BAŞLIK TABLOSU | |
| Başlık | Keynes'e dönüş |
| Başlığın Kalan | torunlarımızın ekonomik olanakları |
| Sorumluluk Tablosu, Vb | derleyen Lorenzo Pecchi, Gustavo Piga ; çeviren Sungur Savran |
| 246 ## - UNVAN FORM VARYING | |
| Başlık Doğru / Kısa Başlığı | Torunlarımızın ekonomik olanakları |
| 260 ## - YAYIN, DAĞITIM, VB | |
| Yayın, Dağıtım, Vb Yeri | İstanbul |
| Yayıncı, Dağıtıcı, Vs Adı | İstanbul Bilgi Üniversitesi Yayınları |
| Yayın, Dağıtım, Vb Tarihi | 2012 |
| 300 ## - FİZİKSEL TANIM | |
| Kapsam | xii, 223 s. |
| Diğer Fiziksel Ayrıntıları | tbl. |
| Boyutlar | 23 sm |
| 490 ## - SERİSİ TABLOSU | |
| Seri Beyanı | Ekonomi |
| Hacim / Ardışık Tanımı | 15 |
| 490 ## - SERİSİ TABLOSU | |
| Seri Beyanı | İstanbul Bilgi Üniversitesi yayınları |
| Hacim / Ardışık Tanımı | 377 |
| 504 ## - KAYNAKÇA VB NOT | |
| Kaynakça Vb Notu | Dizin var. |
| 600 ## - KONU KATMA GİRİŞ - KURUMSAL ADI | |
| Kişisel Ad | Keynes, John Maynard |
| Bir Adıyla İlişkilendirilen Tarihler | 1883-1946 |
| 650 ## - KONU KATMA GİRİŞ - TOPİKAL DÖNEM | |
| Topikal Süreli Veya Coğrafi Ad Giriş Elemanı | İktisatçılar |
| Genel Alt Bölümü | Yaşamöyküsü |
| Coğrafi Alt Bölümü | Büyük Britanya |
| 650 ## - KONU KATMA GİRİŞ - TOPİKAL DÖNEM | |
| Topikal Süreli Veya Coğrafi Ad Giriş Elemanı | Keynesçi ekonomi |
| 650 ## - KONU KATMA GİRİŞ - TOPİKAL DÖNEM | |
| Topikal Süreli Veya Coğrafi Ad Giriş Elemanı | İktisat |
| Genel Alt Bölümü | Tarih |
| 700 ## - KATMA GİRİŞ - KİŞİSEL İSİM | |
| Kişisel Ad | Savran, Sungur |
| 700 ## - KATMA GİRİŞ - KİŞİSEL İSİM | |
| Kişisel Ad | Piga, Gustavo |
| 700 ## - KATMA GİRİŞ - KİŞİSEL İSİM | |
| Kişisel Ad | Pecchi, Lorenzo |
| 942 ## - EKLENDİ GİRİŞ ELEMANLARI (KOHA) | |
| Sınıflandırma Veya Raf Düzeni Kaynak | |
| Koha Öğesi Türü | Books |
| 999 ## - SİSTEM KONTROL NUMARALARI (KOHA) | |
| Koha Biblionumber | 10159 |
| Koha Biblioitemnumber | 10159 |
| Kalıcı Konum | Mevcut Konum | Edinme Tarihi | Edinim Kaynak | Toplam Check-Out'Lar | Tam Çağrı Numarası | Barkod | Tarih Son Görülme | İtibaren Geçerli Fiyatlar | Koha Öğesi Türü |
|---|---|---|---|---|---|---|---|---|---|
| CHP Kütüphanesi | CHP Kütüphanesi | 08/03/2016 | Bağış | 330.156 K39n 2012 | 000199 | 08/03/2016 | 08/03/2016 | Books |
